000 00808nam a2200241 i 4500
001 187099
003 SpMaBN
005 20250829045054.0
008 170412s1994 sp |||| |dspa d
020 _a84-7880-372-6
080 _a323.276(460)"1981"(093.3)
100 1 _aMartínez Inglés, Amadeo.
_978160
245 1 3 _aLa transición vigilada
_b: del sábado santo "rojo" al 23-F /
_cAmadeo Martínez Inglés.
250 _a1ª ed.
260 _aMadrid :
_bTemas de Hoy,
_c1994.
300 _a234 p. ;
_c23 cm.
490 1 _aGrandes temas ;
_v21
500 _aÍndice onomástico.
651 7 _aEspaña-
_xHistoria-
_y1981, Golpe de Estado-
_vRelatos personales.
_9155321
830 0 0 _aGrandes temas (Temas de Hoy)
_v21
_9237065
852 _aES-MaACL
_jL-31422
999 _c187099
_d187099